000 00678nam a2200205Ia 4500
003 GCL
008 140319s9999 xx 000 0 ara d
040 _aGCL /
_cGCL
082 0 4 _a240
_bن م
100 1 _aنوح على سلمان القضاة
245 1 0 _aالمختصر المفيد فى شرح جوهرة التوحيد /
_cنوح على سلمان القضاة
250 _aالاولى
260 _aالاردن :
_bدار الرازى للطباعة والنشر ،
_c1999
300 _a244 ص ؛
_c24 سم
650 0 4 _aالتصوف الاسلامى
650 0 4 _aالتوحيد
650 0 4 _aالسمعيات
650 0 4 _aالالهيات
942 _2ddc
_cBK
999 _c5305
_d5305